[Event "2nd Porticcio Open 2015"]
[Site "Grosseto-Prugna FRA"]
[Date "2015.06.30"]
[Round "5.7"]
[White "Socko, Monika"]
[Black "Iasman, Inna"]
[Result "1-0"]
[WhiteTitle "GM"]
[WhiteElo "2472"]
[BlackElo "1904"]
[WhiteFideId "1106619"]
[BlackFideId "24125563"]
[EventDate "2015.06.27"]

1. g3 d5 2. Bg2 Nf6 3. Nf3 Bf5 4. c4 c6 5. cxd5 cxd5 6. Nc3 Nc6 7. Nh4 Bg4 8. h3
Bc8 9. O-O d4 10. Nb5 e5 11. d3 Be7 12. Nf3 O-O 13. Na3 Nd5 14. Nc4 Bf6 15. Qb3
Nde7 16. Bd2 Rb8 17. a4 Be6 18. Rfc1 Qd7 19. Kh2 Ng6 20. a5 Be7 21. Qa4 f5 22.
b4 e4 23. Ne1 Nce5 24. Nxe5 Nxe5 25. Bf4 Qd5 26. Qc2 Rbc8 27. dxe4 Qb5 28. Qd1
Nc6 29. exf5 Qxf5 30. a6 g5 31. axb7 gxf4 32. bxc8=Q fxg3+ 33. fxg3 Rxc8 34. Qd3
Nxb4 35. Qxf5 Bxf5 36. Rxc8+ Bxc8 37. Rxa7 Kf7 38. Nf3 d3 39. Ne5+ 1-0

[Event "2nd Porticcio Open 2015"]
[Site "Grosseto-Prugna FRA"]
[Date "2015.06.30"]
[Round "6.3"]
[White "Battaglini, Gabriel"]
[Black "Laznicka, Viktor"]
[Result "0-1"]
[WhiteTitle "IM"]
[BlackTitle "GM"]
[WhiteElo "2456"]
[BlackElo "2657"]
[WhiteFideId "621650"]
[BlackFideId "316385"]
[EventDate "2015.06.27"]

1. d4 f5 2. g3 Nf6 3. Bg2 g6 4. Nh3 Bg7 5. Nf4 Nc6 6. c4 O-O 7. O-O e5 8. dxe5
Nxe5 9. Nc3 d6 10. b4 Kh8 11. Qb3 c6 12. Rd1 Qe7 13. b5 g5 14. Nd3 Nfg4 15. Nxe5
Qxe5 16. Bb2 f4 17. Na4 Qxe2 18. Bxg7+ Kxg7 19. Qc3+ Rf6 20. Rd2 Qe5 21. bxc6
bxc6 22. Bxc6 Rb8 23. Rd5 Qxc3 24. Nxc3 Ne5 25. Rxe5 dxe5 26. Bd5 Bh3 27. Re1
Ra6 28. c5 Ra5 29. Ne4 h6 30. f3 Bf5 31. Nd6 Kf6 32. Rc1 Rb1 33. Rxb1 Bxb1 34.
Nb7 Bxa2 35. Be4 Ra3 36. c6 Rc3 37. Kf2 Ke7 38. Ke2 Be6 39. Kd2 Rc4 40. Na5 Rd4+
41. Kc3 Kd6 0-1

[Event "2nd Porticcio Open 2015"]
[Site "Grosseto-Prugna FRA"]
[Date "2015.06.30"]
[Round "6.4"]
[White "Calistri, Tristan"]
[Black "Fedorchuk, Sergey A."]
[Result "1/2-1/2"]
[WhiteTitle "IM"]
[BlackTitle "GM"]
[WhiteElo "2312"]
[BlackElo "2647"]
[WhiteFideId "607843"]
[BlackFideId "14102536"]
[EventDate "2015.06.27"]

1. e4 c5 2. Nf3 e6 3. d4 cxd4 4. Nxd4 a6 5. Nc3 Qc7 6. Bd3 Nf6 7. O-O Be7 8. Qe2
d6 9. Bd2 Nbd7 10. Kh1 O-O 11. f4 Nc5 12. Rac1 Bd7 13. b4 Nxd3 14. cxd3 Qb6 15.
Nb3 Rfc8 16. a3 Qd8 17. Qf3 Be8 18. f5 e5 19. Bg5 Bc6 20. Na5 Nd7 21. Bxe7 Qxe7
22. Nc4 Rc7 23. a4 b6 24. b5 axb5 25. axb5 Bb7 26. f6 Nxf6 27. Nxb6 Rd8 28. Nc4
d5 29. Ne3 Rdc8 30. Ncxd5 Nxd5 31. Nxd5 Bxd5 32. Rxc7 Rxc7 33. exd5 Qd6 34. d4
exd4 35. Qe4 Rc4 36. b6 Rb4 37. h3 Rxb6 38. Qxd4 h5 39. Rd1 Ra6 40. Qc4 g6 41.
Qd4 Ra8 42. Kg1 Re8 43. Kh1 Re5 44. Qc4 Rf5 45. Qc8+ Kg7 46. Qc3+ Kh7 47. Qd3
Rf4 48. Qc2 h4 49. Qd3 Kh6 50. Qe3 g5 51. Qe8 Qc7 52. Qe2 Rf5 53. Qe4 Re5 54.
Qd4 Kg6 55. Qc4 1/2-1/2

[Event "2nd Porticcio Open 2015"]
[Site "Grosseto-Prugna FRA"]
[Date "2015.06.30"]
[Round "6.5"]
[White "Socko, Bartosz"]
[Black "Geronimi, Pierre-Francois"]
[Result "1-0"]
[WhiteTitle "GM"]
[WhiteElo "2624"]
[BlackElo "2019"]
[WhiteFideId "1107038"]
[BlackFideId "655686"]
[EventDate "2015.06.27"]

1. d4 Nf6 2. c4 c5 3. Nf3 g6 4. g3 Bg7 5. Bg2 O-O 6. O-O cxd4 7. Nxd4 Nc6 8. Nc3
Qb6 9. Nc2 d6 10. b3 Be6 11. Qd2 Qa5 12. Bb2 Rfd8 13. e4 Qh5 14. Ne3 Bh3 15. f3
Bxg2 16. Kxg2 Bh6 17. Ncd5 Ne8 18. b4 e6 19. Nf6+ Nxf6 20. Bxf6 Bg5 21. Bxd8
Rxd8 22. Rad1 Bf6 23. h4 Qh6 24. b5 Ne7 25. f4 Nc8 26. Ng4 Qg7 27. Nxf6+ Qxf6
28. Qd4 Qe7 29. c5 Qc7 30. h5 1-0

[Event "2nd Porticcio Open 2015"]
[Site "Grosseto-Prugna FRA"]
[Date "2015.06.30"]
[Round "6.6"]
[White "Iordachescu, Viorel"]
[Black "Brethes, Francois"]
[Result "1/2-1/2"]
[WhiteTitle "GM"]
[WhiteElo "2588"]
[BlackElo "2243"]
[WhiteFideId "13900200"]
[BlackFideId "634522"]
[EventDate "2015.06.27"]

1. c4 e5 2. Nc3 Nc6 3. Nf3 Nf6 4. g3 Bc5 5. Bg2 d6 6. O-O O-O 7. d3 Nd4 8. Ne1
c6 9. e3 Ne6 10. Nf3 Bb6 11. b3 Re8 12. Bb2 h6 13. Rc1 Ng5 14. Nxg5 hxg5 15. Na4
Bg4 16. Qd2 Nd7 17. Nxb6 axb6 18. Bc3 Qe7 19. Rce1 Qe6 20. f4 gxf4 21. exf4 Qh6
22. Re3 exf4 23. Rxf4 f5 24. h3 Bh5 25. Rxe8+ Rxe8 26. Rxf5 Qxd2 27. Bxd2 Bg6
28. Rf2 Bxd3 29. Bc3 Nc5 30. Rd2 Re2 31. Rxe2 Bxe2 32. Bd4 Bd3 33. b4 Ne4 34.
Bxb6 Nxg3 35. Kf2 Nf5 36. c5 dxc5 37. Bxc5 Kf7 38. a4 Bc2 39. a5 Bd3 40. Ke1 Ke6
41. Kd2 Bc4 42. Bf3 Bf1 43. Kc3 Ke5 44. Bg4 g6 45. Bg1 Ke4 46. Bh2 Ba6 47. Bg1
Bf1 48. Bf2 Kf4 49. Kd2 Bg2 50. Bb6 Ke4 51. Ke2 Kd5 52. Bxf5 gxf5 53. h4 Ke4 54.
Kf2 Bf3 55. Bc7 Bg4 56. Bd6 Bh5 57. Bc7 Bg4 58. Bd6 Bh5 59. Bc7 Bg4 1/2-1/2

[Event "2nd Porticcio Open 2015"]
[Site "Grosseto-Prugna FRA"]
[Date "2015.06.30"]
[Round "6.7"]
[White "Malassagne, Raphael"]
[Black "David, Alberto"]
[Result "0-1"]
[BlackTitle "GM"]
[WhiteElo "2185"]
[BlackElo "2571"]
[WhiteFideId "20666276"]
[BlackFideId "4000013"]
[EventDate "2015.06.27"]

1. c4 b6 2. Nc3 Bb7 3. e4 c5 4. g3 Nc6 5. Bg2 g6 6. Nge2 Bg7 7. O-O d6 8. d3 e6
9. Be3 Nge7 10. Qd2 O-O 11. Rad1 Nd4 12. Bh6 Bxh6 13. Qxh6 Nec6 14. f4 f5 15. g4
fxg4 16. Rd2 Qf6 17. e5 dxe5 18. Ne4 Qe7 19. Nxd4 cxd4 20. Rdf2 Rf5 21. Ng5 exf4
22. Nxe6 f3 0-1

[Event "2nd Porticcio Open 2015"]
[Site "Grosseto-Prugna FRA"]
[Date "2015.06.30"]
[Round "6.8"]
[White "Maloberti, David"]
[Black "Socko, Monika"]
[Result "0-1"]
[BlackTitle "GM"]
[WhiteElo "2069"]
[BlackElo "2472"]
[WhiteFideId "620149"]
[BlackFideId "1106619"]
[EventDate "2015.06.27"]

1. d4 Nf6 2. c4 g6 3. Nc3 Bg7 4. e4 d6 5. Nf3 O-O 6. Be2 Bg4 7. Be3 Nfd7 8. O-O
c5 9. d5 Qa5 10. Qc2 Na6 11. a3 Nc7 12. Bd2 Qa6 13. b4 Ne8 14. b5 Qb6 15. Na4
Qd8 16. Bc3 a6 17. Bxg7 Nxg7 18. Nc3 Bxf3 19. Bxf3 f5 20. Be2 f4 21. bxa6 bxa6
22. Qa4 Ne5 23. f3 g5 24. Rab1 Ne8 25. Rb7 Nf6 26. Rfb1 g4 27. Nd1 gxf3 28. Bxf3
Nxf3+ 29. gxf3 Kh8 30. Nf2 Rg8+ 31. Kf1 Qf8 32. Qb3 Re8 33. Qc3 Qh6 34. e5 dxe5
35. Qxe5 Rg5 36. Qe6 Qg6 37. R1b2 Rg1+ 38. Ke2 Qg7 39. Rb8 Ng8 40. R8b3 Rf8 41.
Qe4 Nf6 42. Qe6 Ne8 43. Rb1 Rxb1 44. Rxb1 Nd6 45. Qg4 Qe5+ 0-1

[Event "2nd Porticcio Open 2015"]
[Site "Grosseto-Prugna FRA"]
[Date "2015.07.01"]
[Round "7.2"]
[White "Laznicka, Viktor"]
[Black "Sethuraman, S.P."]
[Result "1-0"]
[WhiteTitle "GM"]
[BlackTitle "GM"]
[WhiteElo "2657"]
[BlackElo "2623"]
[WhiteFideId "316385"]
[BlackFideId "5021596"]
[EventDate "2015.06.27"]

1. c4 e5 2. Nc3 Nf6 3. g3 Bb4 4. Bg2 O-O 5. Nf3 Re8 6. O-O c6 7. d3 h6 8. Bd2
Bf8 9. e4 d5 10. exd5 cxd5 11. Nxd5 Nxd5 12. cxd5 Qxd5 13. Bc3 Qd6 14. d4 exd4
15. Nxd4 Na6 16. Qh5 Nc5 17. Rfd1 Qb6 18. Bd5 Be6 19. Nxe6 Nxe6 20. Rd3 Rad8 21.
Rad1 Qc7 22. Qg4 Nc5 23. R3d2 Rd7 24. h4 b5 25. Qf5 a5 26. Be4 Nxe4 27. Rxd7 Qc4
28. R1d5 Nf6 29. Bxf6 Re1+ 30. Kh2 Qf1 31. Qf3 1-0

[Event "2nd Porticcio Open 2015"]
[Site "Grosseto-Prugna FRA"]
[Date "2015.07.01"]
[Round "7.3"]
[White "Socko, Monika"]
[Black "Socko, Bartosz"]
[Result "0-1"]
[WhiteTitle "GM"]
[BlackTitle "GM"]
[WhiteElo "2472"]
[BlackElo "2624"]
[WhiteFideId "1106619"]
[BlackFideId "1107038"]
[EventDate "2015.06.27"]

1. d4 Nf6 2. Nf3 e6 3. e3 b6 4. Bd3 Bb7 5. O-O g6 6. b3 Bg7 7. Bb2 O-O 8. Nbd2
d6 9. Qe2 Nbd7 10. Rfd1 c5 11. Ba6 Bxa6 12. Qxa6 Qc7 13. Qd3 Rfd8 14. c4 a6 15.
Rac1 Qb7 16. Qb1 b5 17. Qa1 cxd4 18. exd4 Nh5 19. c5 Qd5 20. Nf1 Nf4 21. Ne3 Qh5
22. Rc2 Bh6 23. cxd6 Nf6 24. d5 N6xd5 25. Nxd5 Nxd5 26. Be5 Qf5 27. Rc6 Rdc8 28.
Rxc8+ Rxc8 29. h3 Rd8 30. Qd4 Bf4 31. Bxf4 Qxf4 32. Qxf4 Nxf4 33. Ng5 Ne2+ 34.
Kf1 Nc3 35. Rd3 b4 36. a3 Nd5 37. axb4 Rxd6 38. Ne4 Rb6 39. g3 Rxb4 40. Nc5 a5
41. Kg2 Kg7 42. Rd2 Rb5 43. Rc2 Kf6 44. Ne4+ Ke7 45. Nd2 Kd7 46. Nc4 g5 47. Ra2
Rxb3 48. Rxa5 Rb7 49. Ra8 Rc7 50. Ne5+ Ke7 51. Rg8 h6 52. Ng4 h5 53. Ne3 Nxe3+
54. fxe3 Kf6 55. Kf3 Rc4 56. e4 Rc3+ 57. Kf2 h4 58. e5+ Kf5 59. gxh4 gxh4 60.
Rg7 Rc7 61. Rh7 Kxe5 62. Rxh4 f5 63. Ra4 Rc2+ 64. Kf3 Rc3+ 65. Kg2 f4 66. h4 Kf5
67. h5 Rg3+ 68. Kf2 Rh3 0-1

[Event "2nd Porticcio Open 2015"]
[Site "Grosseto-Prugna FRA"]
[Date "2015.07.01"]
[Round "7.4"]
[White "David, Alberto"]
[Black "Iordachescu, Viorel"]
[Result "1/2-1/2"]
[WhiteTitle "GM"]
[BlackTitle "GM"]
[WhiteElo "2571"]
[BlackElo "2588"]
[WhiteFideId "4000013"]
[BlackFideId "13900200"]
[EventDate "2015.06.27"]

1. e4 d5 2. exd5 Qxd5 3. Nc3 Qd6 4. d4 Nf6 5. Nf3 g6 6. h3 c6 7. Bd3 Bg7 8. O-O
O-O 9. Bg5 Nbd7 10. Re1 Nb6 11. Qe2 Re8 12. Rad1 Be6 13. a3 Rad8 14. Ne4 Nxe4
15. Qxe4 Bd5 16. Qe2 Qc7 17. c3 Qc8 18. Nd2 Nd7 19. c4 Be6 20. Nf3 Nf8 21. Be4
Bf5 22. b4 Bxe4 23. Qxe4 Ne6 24. Bh4 Bf6 25. d5 cxd5 26. cxd5 Nc7 27. Bxf6 exf6
28. Qd4 Rxe1+ 29. Rxe1 Nxd5 30. Qxa7 b6 31. Qa4 Nf4 32. Rd1 Rd3 33. Rxd3 Nxd3
34. Qb5 Qc1+ 35. Kh2 Qf4+ 36. Kg1 Qc1+ 37. Kh2 Qf4+ 38. Kg1 Qc1+ 1/2-1/2

[Event "2nd Porticcio Open 2015"]
[Site "Grosseto-Prugna FRA"]
[Date "2015.07.01"]
[Round "7.5"]
[White "Massoni, Michael"]
[Black "Areshchenko, Alexander"]
[Result "0-1"]
[WhiteTitle "IM"]
[BlackTitle "GM"]
[WhiteElo "2360"]
[BlackElo "2656"]
[WhiteFideId "654213"]
[BlackFideId "14109530"]
[EventDate "2015.06.27"]

1. e4 c5 2. Nf3 d6 3. d4 cxd4 4. Nxd4 Nf6 5. Nc3 a6 6. Be2 e5 7. Nb3 Be7 8. O-O
O-O 9. Be3 Be6 10. f4 exf4 11. Bxf4 Nc6 12. Kh1 Rc8 13. Qd2 Re8 14. Rad1 Ne5 15.
Nd4 Qb6 16. Na4 Qc7 17. Nc3 Qb6 18. Na4 Qa7 19. Nc3 b5 20. a3 Nc4 21. Bxc4 Bxc4
22. Rfe1 Bf8 23. Nf5 Ng4 24. Bg3 f6 25. Qf4 Ne5 26. Nxd6 Bxd6 27. Rxd6 Bf7 28.
Bf2 Qa8 29. Bd4 Ng6 30. Qf2 Rc6 31. Rd7 Qc8 32. Ra7 Rc7 33. Rxc7 Qxc7 34. Rd1
Qc6 35. h3 Nf8 36. Qg3 Nd7 37. Re1 Bg6 38. e5 fxe5 39. Be3 Bxc2 40. Rc1 Bg6 41.
Qg5 Nf6 42. Rd1 Qc4 43. Rd6 a5 44. Kh2 b4 45. axb4 axb4 46. Nd1 Ne4 0-1

[Event "2nd Porticcio Open 2015"]
[Site "Grosseto-Prugna FRA"]
[Date "2015.07.01"]
[Round "7.6"]
[White "Fedorchuk, Sergey A."]
[Black "Utrera, Ludovic"]
[Result "1-0"]
[WhiteTitle "GM"]
[WhiteElo "2647"]
[BlackElo "2029"]
[WhiteFideId "14102536"]
[BlackFideId "20604580"]
[EventDate "2015.06.27"]

1. e4 c5 2. Nf3 d6 3. d4 cxd4 4. Nxd4 Nf6 5. Nc3 a6 6. Be3 e5 7. Nf3 Qc7 8. a4
b6 9. Nd2 Be6 10. Qf3 Nbd7 11. Bd3 Nc5 12. Bxc5 Qxc5 13. Qe2 Qc8 14. Bc4 Be7 15.
O-O O-O 16. h3 Qb7 17. Rfd1 Rfe8 18. Nf1 Bxc4 19. Qxc4 Rac8 20. Qd3 Rc5 21. Ne3
Bf8 22. Ncd5 Nxd5 23. Nxd5 b5 24. axb5 axb5 25. Ra5 Ra8 26. Rda1 Rxa5 27. Rxa5
Kh8 28. Ne3 b4 29. Ra4 g6 30. Qb3 Rb5 31. Nd5 f5 32. Rxb4 Rxb4 33. Qxb4 Qxb4 34.
Nxb4 fxe4 35. Nd5 Bh6 36. b4 Bc1 37. b5 Bb2 38. b6 Bd4 39. b7 Ba7 40. Nb4 Bb8
41. Nc6 Bc7 42. b8=Q+ Bxb8 43. Nxb8 Kg7 44. Nc6 Kf7 45. Nb4 Ke6 46. c4 Kd7 47.
Nd5 Kc6 48. Nf6 1-0

[Event "2nd Porticcio Open 2015"]
[Site "Grosseto-Prugna FRA"]
[Date "2015.07.01"]
[Round "7.7"]
[White "Terrieux, Kevin"]
[Black "Calistri, Tristan"]
[Result "1-0"]
[WhiteTitle "IM"]
[BlackTitle "IM"]
[WhiteElo "2440"]
[BlackElo "2312"]
[WhiteFideId "622591"]
[BlackFideId "607843"]
[EventDate "2015.06.27"]

1. d4 Nf6 2. c4 g6 3. Nc3 Bg7 4. e4 d6 5. Nge2 O-O 6. Ng3 c5 7. d5 e6 8. Be2
exd5 9. exd5 Re8 10. O-O Na6 11. Bf4 Nc7 12. Qd2 Qe7 13. Rae1 Qf8 14. Bd3 Ng4
15. Rxe8 Nxe8 16. Re1 Bd7 17. h3 Ne5 18. Bf1 Nc7 19. Be3 f5 20. f4 Nf7 21. a3
Re8 22. Bf2 Rxe1 23. Qxe1 Qe8 24. Qd2 b5 25. b4 cxb4 26. axb4 bxc4 27. Bxc4 Qb8
28. Nce2 Nb5 29. Qa2 Qb7 30. Bxb5 Bxb5 31. Nd4 a6 32. Nge2 Qc8 33. Nxb5 axb5 34.
g3 h6 35. Nd4 Qb7 36. Nc6 Bf6 37. Kf1 g5 38. Qc2 Qd7 39. Qe2 gxf4 40. gxf4 Nh8
41. Qxb5 Ng6 42. Qc4 Qb7 43. b5 Nxf4 44. Qxf4 Qxb5+ 45. Kg1 Qxd5 46. Qxh6 Qd1+
47. Kh2 Kf7 48. Qh7+ Ke6 49. Qg8+ Kd7 50. Nb8+ Kc7 51. Na6+ Kb7 52. Qb8+ Kc6 53.
Nb4+ Kd7 54. Qb7+ Ke6 55. Qc8+ Ke5 56. Qe8+ 1-0

[Event "2nd Porticcio Open 2015"]
[Site "Grosseto-Prugna FRA"]
[Date "2015.07.01"]
[Round "7.8"]
[White "Brethes, Francois"]
[Black "Battaglini, Gabriel"]
[Result "1/2-1/2"]
[BlackTitle "IM"]
[WhiteElo "2243"]
[BlackElo "2456"]
[WhiteFideId "634522"]
[BlackFideId "621650"]
[EventDate "2015.06.27"]

1. d4 e6 2. c4 Nf6 3. Nc3 Bb4 4. e3 b6 5. Bd3 Bb7 6. Nf3 Ne4 7. Bd2 Bxc3 8. Bxc3
Nxc3 9. bxc3 c5 10. Qb1 Qf6 11. Be4 Bxe4 12. Qxe4 Nc6 13. Ne5 Rc8 14. O-O Nd8
15. Qc2 Qe7 16. Qa4 f6 17. Nd3 Rc7 18. e4 O-O 19. f4 d6 20. Rae1 cxd4 21. cxd4
Qe8 22. Qa3 Qd7 23. Nb2 d5 24. exd5 exd5 25. c5 bxc5 26. dxc5 Ne6 27. Nd3 Nxc5
28. Nxc5 Qd6 29. Rc1 Rfc8 30. Qh3 Rxc5 31. Qxc8+ Rxc8 32. Rxc8+ Kf7 33. Rc2 d4
34. Rd2 h5 35. Rf3 Kg6 36. f5+ Kh6 37. g3 Qc5 38. Kg2 Qd5 39. h4 Qd6 40. Kg1 Qc5
41. Kg2 Qd5 42. Kf2 Qe4 43. Re2 a5 44. Kg2 Qb1 45. Rd2 a4 46. a3 Qb3 47. Rf4 Qb2
48. Rxd4 Qxa3 49. Kh3 Qd3 50. Rxa4 Qe2 1/2-1/2

[Event "2nd Porticcio Open 2015"]
[Site "Grosseto-Prugna FRA"]
[Date "2015.07.02"]
[Round "8.2"]
[White "Socko, Bartosz"]
[Black "Fedorchuk, Sergey A."]
[Result "1/2-1/2"]
[WhiteTitle "GM"]
[BlackTitle "GM"]
[WhiteElo "2624"]
[BlackElo "2647"]
[WhiteFideId "1107038"]
[BlackFideId "14102536"]
[EventDate "2015.06.27"]

1. d4 Nf6 2. c4 e6 3. g3 Bb4+ 4. Bd2 Bxd2+ 5. Nxd2 d6 6. Ngf3 b6 7. Bg2 Bb7 8.
Qc2 c5 9. O-O O-O 10. Rfd1 Qe7 11. Nf1 cxd4 12. Nxd4 Bxg2 13. Kxg2 Rc8 14. Ne3
Nc6 15. Qa4 Qb7 16. f3 a6 17. Qa3 Ne8 18. Rac1 Rc7 19. Nxc6 Rxc6 20. b3 h6 21.
Rd3 Rac8 22. Rcd1 Rc5 23. Qb4 b5 24. R1d2 a5 25. Qa3 Qb6 26. Qb2 Re5 27. Ng4
Rec5 28. Ne3 Re5 29. Ng4 Rec5 30. Ne3 Re5 1/2-1/2

[Event "2nd Porticcio Open 2015"]
[Site "Grosseto-Prugna FRA"]
[Date "2015.07.02"]
[Round "8.4"]
[White "Areshchenko, Alexander"]
[Black "Terrieux, Kevin"]
[Result "1-0"]
[WhiteTitle "GM"]
[BlackTitle "IM"]
[WhiteElo "2656"]
[BlackElo "2440"]
[WhiteFideId "14109530"]
[BlackFideId "622591"]
[EventDate "2015.06.27"]

1. e4 c5 2. Nf3 e6 3. d4 cxd4 4. Nxd4 Nf6 5. Nc3 Nc6 6. Nxc6 bxc6 7. e5 Nd5 8.
Ne4 Qc7 9. f4 Qb6 10. c4 Bb4+ 11. Ke2 f5 12. Nf2 Ba6 13. Kf3 Ne7 14. Be3 Bc5 15.
Bxc5 Qxc5 16. Qd6 Qa5 17. Be2 g5 18. Rhd1 Rd8 19. g3 g4+ 20. Kg2 c5 21. Kg1 Nc8
22. Qd2 Qb6 23. Rab1 Qc6 24. b4 Bb7 25. Bf1 cxb4 26. Qxb4 Ba8 27. Qa5 h5 28. Rb8
Kf7 29. Rd3 a6 30. c5 Ke7 31. Rd6 1-0

[Event "2nd Porticcio Open 2015"]
[Site "Grosseto-Prugna FRA"]
[Date "2015.07.02"]
[Round "8.5"]
[White "Sethuraman, S.P."]
[Black "Bacrot, Alexandre"]
[Result "1-0"]
[WhiteTitle "GM"]
[WhiteElo "2623"]
[BlackElo "1911"]
[WhiteFideId "5021596"]
[BlackFideId "26076837"]
[EventDate "2015.06.27"]

1. b3 e5 2. Bb2 Nc6 3. e3 d5 4. Bb5 Bd6 5. f4 exf4 6. Bxg7 Qh4+ 7. Kf1 fxe3 8.
dxe3 Bg4 9. Nf3 Qe7 10. Bxh8 f6 11. Qd3 O-O-O 12. Bxc6 bxc6 13. Nd4 Bd7 14. Nc3
Be5 15. Na4 Kb8 16. b4 Nh6 17. Nc5 Bxd4 18. exd4 Rxh8 19. Re1 Qd6 20. Qg3 1-0

[Event "2nd Porticcio Open 2015"]
[Site "Grosseto-Prugna FRA"]
[Date "2015.07.02"]
[Round "8.6"]
[White "Iordachescu, Viorel"]
[Black "Bedini, Lucas"]
[Result "1-0"]
[WhiteTitle "GM"]
[WhiteElo "2588"]
[BlackElo "1748"]
[WhiteFideId "13900200"]
[BlackFideId "20685475"]
[EventDate "2015.06.27"]

1. c4 e5 2. Nc3 Nf6 3. g3 d5 4. cxd5 Nxd5 5. Bg2 Nb6 6. e3 c5 7. Nge2 Nc6 8. O-O
Bg4 9. h3 Be6 10. a4 c4 11. f4 Qd7 12. a5 Nc8 13. a6 Nb6 14. f5 Bxf5 15. axb7
Rb8 16. Bxc6 Qxc6 17. Rxf5 Bd6 18. Rxa7 O-O 19. Qf1 Rxb7 20. Rxb7 Qxb7 21. Qg2
Qd7 22. g4 f6 23. Ng3 Ra8 24. Nd5 Ra1 25. Nxb6 Rxc1+ 26. Rf1 Rxf1+ 27. Qxf1 1-0

[Event "2nd Porticcio Open 2015"]
[Site "Grosseto-Prugna FRA"]
[Date "2015.07.02"]
[Round "8.7"]
[White "Malassagne, Raphael"]
[Black "Guliyev, Namig"]
[Result "0-1"]
[BlackTitle "GM"]
[WhiteElo "2185"]
[BlackElo "2549"]
[WhiteFideId "20666276"]
[BlackFideId "13400363"]
[EventDate "2015.06.27"]

1. d4 d5 2. c4 dxc4 3. Nf3 Nf6 4. e3 e6 5. Bxc4 a6 6. Qe2 b5 7. Bd3 Bb7 8. O-O
Nbd7 9. Rd1 c5 10. dxc5 Bxc5 11. a3 O-O 12. b4 Bxf3 13. Qxf3 Ne5 14. Qe2 Bd6 15.
Bb2 Qc7 16. f4 Nxd3 17. Rxd3 Rfd8 18. Bxf6 gxf6 19. Nc3 Be7 20. Rad1 Rxd3 21.
Rxd3 f5 22. e4 Bf6 23. e5 Bg7 24. g4 fxg4 25. Qxg4 Kh8 26. Ne4 Bxe5 27. fxe5 Rg8
28. Qxg8+ Kxg8 29. Nf6+ Kf8 30. Kf2 Qc2+ 31. Ke3 Kg7 32. h4 Qh2 33. Kd4 Qxh4+
34. Ne4 h5 35. Re3 Qf4 0-1

[Event "2nd Porticcio Open 2015"]
[Site "Grosseto-Prugna FRA"]
[Date "2015.07.02"]
[Round "8.8"]
[White "Podvin, Antoine"]
[Black "Socko, Monika"]
[Result "0-1"]
[BlackTitle "GM"]
[WhiteElo "1856"]
[BlackElo "2472"]
[WhiteFideId "26060981"]
[BlackFideId "1106619"]
[EventDate "2015.06.27"]

1. d4 Nf6 2. c4 e6 3. Nc3 Bb4 4. Qc2 O-O 5. Bg5 h6 6. Bh4 c5 7. e3 cxd4 8. exd4
d5 9. Nf3 dxc4 10. Bxc4 Qc7 11. Bb3 Nbd7 12. O-O b6 13. Qd3 Bb7 14. Bg3 Qd8 15.
Rfd1 Qe7 16. Nb5 Ne4 17. Bc2 Ndf6 18. Bf4 Rfc8 19. a3 Ba6 20. Rac1 Bd6 21. Ne5
Qb7 22. f3 Bxb5 23. Qxb5 Ng5 24. h4 Ngh7 25. Qd3 Nf8 26. Qd2 Qe7 27. g4 Nd5 28.
Be4 Qxh4 29. Bxd5 exd5 30. Nxf7 Bxf4 31. Qxf4 Ne6 32. Qf5 Rxc1 33. Rxc1 Nxd4 34.
Qxd5 Qg3+ 35. Kf1 Qxf3+ 36. Qxf3 Nxf3 37. Kf2 Kxf7 38. Rc7+ Ke6 39. Kxf3 Rf8+
40. Ke4 Rf7 41. Rc6+ Ke7 42. Rc7+ Ke8 43. Rc8+ Kd7 44. Rg8 Kd6 45. b4 Kc6 46. a4
Kd6 47. a5 Kc6 48. axb6 axb6 49. Ke5 Kb5 50. Rb8 Rc7 51. Kd5 Re7 52. Kd4 Re6 53.
Rf8 Kxb4 54. Rf4 Rf6 55. Re4 b5 56. Ke5+ Kc3 57. g5 hxg5 58. Rg4 b4 59. Rxg5 b3
60. Rxg7 Rb6 61. Rg3+ Kb4 62. Kd4 b2 63. Rg1 Kb3 64. Kd3 Rd6+ 65. Ke2 Kc2 0-1

[Event "2nd Porticcio Open 2015"]
[Site "Grosseto-Prugna FRA"]
[Date "2015.07.03"]
[Round "9.2"]
[White "Laznicka, Viktor"]
[Black "Socko, Bartosz"]
[Result "1-0"]
[WhiteTitle "GM"]
[BlackTitle "GM"]
[WhiteElo "2657"]
[BlackElo "2624"]
[WhiteFideId "316385"]
[BlackFideId "1107038"]
[EventDate "2015.06.27"]

1. Nf3 Nf6 2. c4 e6 3. g3 b6 4. Bg2 Bb7 5. O-O Be7 6. d4 O-O 7. Nc3 Ne4 8. Bd2
Bf6 9. Rc1 d6 10. d5 Nxd2 11. Nxd2 e5 12. b4 a5 13. a3 axb4 14. axb4 Na6 15. Qb3
g6 16. Nde4 Be7 17. Nb5 f5 18. Nec3 Qd7 19. Ra1 h5 20. Ra4 h4 21. Rfa1 Kg7 22.
R1a3 Rh8 23. Qa2 Qc8 24. e4 Bg5 25. exf5 gxf5 26. Ne2 hxg3 27. Rxg3 Kf6 28. f4
Bh4 29. Rga3 Rg8 30. Qb2 Qd7 31. Ng3 Rg4 32. Bh3 Rag8 33. Bxg4 Rxg4 34. Re3 Kg6
35. fxe5 dxe5 36. Qxe5 Bf6 37. Qe6 Qxe6 38. Rxe6 f4 39. Ra3 fxg3 40. Rf3 gxh2+
41. Kxh2 Rxc4 42. Rexf6+ Kg5 43. R3f5+ Kg4 44. d6 Rc2+ 45. Kg1 Nxb4 46. Rf4+ Kg5
47. d7 Nc6 48. Nd4 Rc1+ 49. Rf1 Nd8 50. Rf5+ 1-0

[Event "2nd Porticcio Open 2015"]
[Site "Grosseto-Prugna FRA"]
[Date "2015.07.03"]
[Round "9.5"]
[White "Brethes, Francois"]
[Black "Sethuraman, S.P."]
[Result "0-1"]
[BlackTitle "GM"]
[WhiteElo "2243"]
[BlackElo "2623"]
[WhiteFideId "634522"]
[BlackFideId "5021596"]
[EventDate "2015.06.27"]

1. d4 Nf6 2. c4 e6 3. Nc3 Bb4 4. e3 O-O 5. Bd3 b6 6. Ne2 Bb7 7. O-O d5 8. cxd5
exd5 9. Ng3 Re8 10. Bd2 Nbd7 11. Rc1 a6 12. a3 Bd6 13. Nf5 Bf8 14. Qf3 g6 15.
Ng3 c5 16. Rfd1 b5 17. Qf4 Rc8 18. h4 h5 19. Qg5 Bg7 20. Nge2 c4 21. Bb1 Nf8 22.
Nf4 Bc6 23. Be1 a5 24. e4 dxe4 25. d5 Bd7 26. d6 Bg4 27. Qxb5 Bxd1 28. Rxd1 N8d7
29. Ncd5 Rc5 30. Qb7 Qb8 31. Nxf6+ Nxf6 32. Bxe4 Qxb7 33. Bxb7 Rd8 34. Bc3 Rd7
35. Bf3 Ne8 36. Re1 Nxd6 37. Nd5 Bxc3 38. bxc3 Kg7 39. a4 Nf5 40. Nb6 Rd3 41.
Rc1 Nxh4 42. Be2 Rd2 43. Bf1 Ra2 44. Bxc4 Rb2 45. Bb5 Rf5 46. Nc4 Ra2 47. Rf1
Rg5 48. Ne3 Nf3+ 49. Kh1 Nd2 50. Rg1 Ne4 51. f4 Rg3 52. Re1 Nf2+ 53. Kh2 Rxe3 0-1